000 02620nam a2200229Ia 4500
003 OSt
005 20260601125352.0
008 210210b1997 xxu||||| |||| 00| 0 eng d
020 _a81 7302 280 1
040 _cAL
041 _aKannada
082 _a954.01K RAMP
100 _aRAM SHARAN SHARMA.
_dಆರ್ ಎಸ್ ಶರ್ಮ
_9264864
245 _aPrachina Bharatha.
_bಪ್ರಾಚೀನ ಭಾರತ.
260 _aBangalore.
_bNavakarnatka Prakashana Pvt Ltd.,
_c1997
300 _a283
520 _aಪ್ರಾಚೀನ ಭಾರತ ಆರ್ ಎಸ್ ಶರ್ಮ ಅವರು ಬರೆದ ಪುಸ್ತಕ. ಕನ್ನಡಕ್ಕೆ ಅನುವಾದ : ಎನ್ ಪಿ ಶಂಕರನಾರಾಯಣ ರಾವ್. ಒಂದು ದೇಶದ ಇತಿಹಾಸವೆಂದರೆ, ಆ ದೇಶವನ್ನು ಆಳಿದ ರಾಜವಂಶಗಳ, ಅವು ನಡೆಸಿದ ದಂಡಯಾತ್ರೆಗಳ, ಸಣ್ಣಪುಟ್ಟ ಯುದ್ಧಗಳ ಅಥವಾ ಅವುಗಳ ಸೋಲು-ಗೆಲುವು, ಅಳಿವು-ಉಳಿವುಗಳ ವರದಿಯಷ್ಟೇ ಅಲ್ಲ. ಇತಿಹಾಸವೆಂದರೆ ಸರಿಯಾದ ಆಧಾರವಿಲ್ಲದ ಕಾಲ್ಪನಿಕ ಭವ್ಯ ಚಿತ್ರಣವೂ ಅಲ್ಲ. ಇತಿಹಾಸದ ಅವಧಿಯಲ್ಲಿ ಅಲ್ಲಿ ಬದುಕಿದ ಜನರ ಜೀವನ, ಅಲ್ಲಿನ ಆರ್ಥಿಕ ಪರಿಸ್ಥಿತಿ, ಪರದೇಶಗಳೊಂದಿಗಿನ ವಾಣಿಜ್ಯ-ಆರ್ಥಿಕ ಸಂಬಂಧಗಳು, ನಾನಾ ಕಾರಣಗಳಿಂದ ವಲಸೆ ಬಂದು ಅಲ್ಲಿ ನೆಲಸಿದ ಇತರ ಜನರು, ಅಲ್ಲಿ ಹುಟ್ಟಿದ ಮತ ಧಾರ್ಮಿಕ ಚಳವಳಿಗಳು ಹಾಗೂ ಪಂಥಗಳು ಇತಿಹಾಸವನ್ನು ರೂಪಿಸುವುದರಲ್ಲಿ ಮುಖ್ಯ ಪಾತ್ರವಹಿಸುತ್ತವೆ ಎಂಬುದನ್ನು ಮರೆಯಬಾರದು. ಇತಿಹಾಸ ಬೆಸೆದ ಕೊಂಡಿಗಳ ಮೂಲಕ ಇಂದಿನ ಆಗುಹೋಗುಗಳನ್ನು ಅರ್ಥ ಮಾಡಿಕೊಳ್ಳುವುದಕ್ಕೆ ಅಂತೆಯೇ ಭವಿಷಯವನ್ನು ರೂಪಿಸುವುದಕ್ಕೆ, ಇತಿಹಾಸದ ವಸ್ತುನಿಷ್ಠ ಅಧ್ಯಯನ ನೆರವಾಗುತ್ತದೆ.
690 _aIndian History
_9264865
700 _aShankara Narayana Rav (N P)
_dಶಂಕರ ನಾರಾಯಣ ರಾವ್ (ಎನ್ ಪಿ) tr
_9264866
906 _a052417
942 _2ddc
_cBK
999 _c100643
_d100643